LEADER 01201nam0-2200385---450 001 990005724280203316 005 20190403125013.0 035 $a000572428 035 $aUSA01000572428 035 $a(ALEPH)000572428USA01 035 $a000572428 100 $a20070806d1979----|||y0itaa50------ba 101 $ager 102 $ade 105 $a0 00||| 200 1 $aAnerkennung als Prinzip der praktischen Philosophie$eUntersuchungen zu Hegels Jenaer Philosophie des Geistes$fLudwig Siep 210 $aFreiburg$cAlber$dc1979 215 $a378 p.$d20 cm. 225 2 $aPraktische Philosophie$v11 410 0$12001$aPraktische Philosophie$v11 606 $aHegel, Georg Wilhelm Friedrich. Phanomenologie des Geistes.$2F 620 $dFREIBURG 676 $a193 700 1$aSIEP,$bLudwig$0152088 801 0$aIT$bSA$c20111219 912 $a990005724280203316 950 0$aDipar.to di Filosofia - Salerno$dDFCC 193 SIE$e1540 FIL 951 $aCC 193 SIE$b1540 FIL 959 $aBK 969 $aFIL 979 $c20121027$lUSA01$h1526 979 $c20121027$lUSA01$h1615 996 $aAnerkennung als Prinzip der praktischen Philosophie$9472977 997 $aUNISA NUM $aSA0021665 LEADER 00939nam a22002651i 4500 001 991004221239707536 005 20031009140351.0 008 031111s1990 xxu|||||||||||||||||eng 020 $a0415902169 035 $ab12548595-39ule_inst 035 $aARCHE-058186$9ExL 040 $aDip.to Lingue$bita$cA.t.i. Arché s.c.r.l. Pandora Sicilia s.r.l. 082 04$a809.916 100 1 $aCarroll, Noel$0458542 245 14$aThe philosophy of horror /$cNoel Carroll 260 $aNew York :$bRoutledge,$c1990 300 $aXI, 256 p. ;$c23 cm 650 4$aOrrore nella letteratura 650 4$aFilm di orrore$xStoria e critica 907 $a.b12548595$b02-04-14$c13-11-03 912 $a991004221239707536 945 $aLE012 809.916 CAR$g1$i2012000191068$lle012$o-$pE0.00$q-$rl$s- $t0$u0$v0$w0$x0$y.i12998412$z13-11-03 996 $aPhilosophy of horror$9174927 997 $aUNISALENTO 998 $ale012$b13-11-03$cm$da $e-$feng$gxxu$h4$i1 LEADER 01016nam--2200373---450- 001 990003636490203316 005 20120309110500.0 035 $a000363649 035 $aUSA01000363649 035 $a(ALEPH)000363649USA01 035 $a000363649 100 $a20120309d1929----km-y0itay50------ba 101 $aita$agrc 102 $aIT 105 $a||||||||001yy 200 1 $a<> pace$fAristofane$gcon introduzione, testo e commento esplicativo per cura di Giovanni Caramia 210 $aLanciano$cCarabba$d1929 215 $a167 p.$d20 cm 225 2 $aClassici greci 410 0$12001$aClassici greci 454 1$12001 461 1$1001-------$12001 606 0 $aCommedia greca$2BNCF 676 $a882.01 700 1$aARISTOPHANES$0160835 702 1$aCARAMIA,$bGiovanni 801 0$aIT$bsalbc$gISBD 912 $a990003636490203316 951 $aFG 26,3$b1024 DSA/ISAA 959 $aBK 969 $aDSA 979 $aDSA$b90$c20120309$lUSA01$h1105 996 $aPax$917942 997 $aUNISA